Mixed lubrication in hydrodynamic bearings /

This Series provides the necessary elements to the development and validation of numerical prediction models for hydrodynamic bearings. This book is dedicated to the mixed lubrication.

Bibliographic Details
Main Authors: Bonneau, Dominique, 1948- (Author), Fatu, Aurelian (Author), Souchet, Dominique (Author)
Format: eBook
Language:English
Published: London : Hoboken, NJ : ISTE ; John Wiley & Sons, 2014.
Series:Numerical methods in engineering series.
Subjects:
Online Access:Full Text via HEAL-Link
LEADER 05682nam a2200673 4500
001 ocn892431975
003 OCoLC
005 20170124070515.8
006 m o d
007 cr |n|||||||||
008 141006s2014 enk ob 001 0 eng d
040 |a YDXCP  |b eng  |e rda  |e pn  |c YDXCP  |d OCLCQ  |d OCLCF  |d EBLCP  |d IDEBK  |d DG1  |d N$T  |d RECBK  |d VRC  |d CDX  |d DEBSZ  |d E7B  |d UWO  |d COO  |d OCLCQ  |d DXU  |d DEBBG  |d LOA  |d OCLCQ  |d GrThAP 
019 |a 887507334  |a 891381664  |a 957616684  |a 960201390  |a 961647188  |a 962619457 
020 |a 111900490X  |q (electronic bk.) 
020 |a 9781119004905  |q (electronic bk.) 
020 |a 9781119008040 
020 |a 1119008042 
020 |z 9781848216822  |q (hardback) 
020 |z 1848216823  |q (hardback) 
029 1 |a CHBIS  |b 010259759 
029 1 |a CHVBK  |b 325941971 
029 1 |a DEBBG  |b BV043397186 
029 1 |a DEBSZ  |b 431746095 
029 1 |a DEBSZ  |b 449441377 
035 |a (OCoLC)892431975  |z (OCoLC)887507334  |z (OCoLC)891381664  |z (OCoLC)957616684  |z (OCoLC)960201390  |z (OCoLC)961647188  |z (OCoLC)962619457 
050 4 |a TJ1073.5  |b .B66 2014 
072 7 |a TEC  |x 009070  |2 bisacsh 
082 0 4 |a 621.8/22  |2 23 
049 |a MAIN 
100 1 |a Bonneau, Dominique,  |d 1948-  |e author. 
245 1 0 |a Mixed lubrication in hydrodynamic bearings /  |c Dominique Bonneau, Aurelian Fatu, Dominique Souchet. 
264 1 |a London :  |b ISTE ;  |a Hoboken, NJ :  |b John Wiley & Sons,  |c 2014. 
300 |a 1 online resource (xiii, 184 pages .). 
336 |a text  |b txt  |2 rdacontent 
337 |a computer  |b c  |2 rdamedia 
338 |a online resource  |b cr  |2 rdacarrier 
490 1 |a Numerical methods in engineering series 
504 |a Includes bibliographical references and index. 
588 0 |a Print version record. 
505 0 |a Cover; Title Page; Copyright; Contents; Preface; Nomenclature; Chapter 1: Introduction; 1.1. Lubrication regimes -- Stribeck curve; 1.2. Topography of rough surfaces; 1.2.1. 2D profile parameters; 1.2.1.1. Definition of the reference height; 1.2.1.2. Statistical treatment of the ordinate; 1.2.1.3. Statistical treatment of the ordinate respective to the abscissa; 1.2.1.4. Fractal analysis; 1.2.2. Common standard profile parameters; 1.2.2.1. EN ISO 4287, 4288 Standard: "Mean line"; 1.2.2.2. NF EN ISO 12085 Standard "motifs and envelope line"; 1.2.2.3. EN ISO 13565 standard: Abbott curve. 
505 8 |a 1.3. BibliographyChapter 2: Computing the Hydrodynamic Pressure; 2.1. Patir and Cheng stochastic model; 2.1.1. Model description; 2.1.2. Computation of the flow factors; 2.1.3. Computation of the friction torque for a journal bearing; 2.1.4. Application limits for the Patir and Cheng model; 2.2. Model based on a direct computation of the flow factors; 2.2.1. Model description; 2.2.2. Introduction of the cross-factors: new expression of the Reynolds equation.; 2.2.3. Flow factors calculation methods. 
505 8 |a 2.2.4. Calculation of the hydrodynamic load capacity and friction force in the presence of the contact zones2.2.5. Recommendations for the calculation of flow and shear factors; 2.2.6. Calculation of the principal direction; 2.2.7. Analysis of the combination of two combined rough surfaces; 2.2.8. Examples relating to real rough surfaces; 2.3. Homogenization method; 2.3.1. Incompressible and isoviscous steady-state case; 2.3.2. Incompressible and isoviscous unsteady case; 2.3.3. Taking into account the cavitation; 2.3.4. Non-Newtonian or thermoviscous fluid. 
505 8 |a 2.3.5. Implementation for internal combustion engine bearing computation2.4. Comparison between the flow factors obtained with Patir and Cheng, direct computation and homogenization models; 2.5. Example of pressure profiles obtained from flow factors calculated with Patir and Cheng, direct computation and homogenization models; 2.6. Comparison with deterministic computations; 2.7. Bibliography; Chapter 3: Computing the Contact Pressure; 3.1. Concept of sum surface; 3.1.1. The microgeometric properties of the sum surface; 3.1.2. Elastic and plastic properties of the sum surface. 
505 8 |a 3.2. Elastic contact model proposed by Greenwood and Williamson3.3. Elasto-plastic contact model proposed by Robbe-Valloire et al.; 3.3.1. Elasto-plastic constitutive law; 3.3.2. Description of microgeometric properties of rough surfaces; 3.3.2.1. Asperities' radius; 3.3.2.2. Distribution of asperities' heights; 3.3.3. Asperity deformation; 3.3.3.1. Elastic deformation; 3.3.3.2. Elasto-plastic deformation; 3.3.3.3. Plastic deformation; 3.3.4. Contact between two rough surfaces; 3.4. Elasto-plastic double-layer contact model proposed by Progri et al.; 3.4.1. Elastic regime. 
520 |a This Series provides the necessary elements to the development and validation of numerical prediction models for hydrodynamic bearings. This book is dedicated to the mixed lubrication. 
650 0 |a Fluid-film bearings  |x Mathematical models. 
650 0 |a Lubrication and lubricants. 
650 0 |a Bearings (Machinery) 
650 7 |a TECHNOLOGY & ENGINEERING  |x Mechanical.  |2 bisacsh 
650 7 |a Bearings (Machinery)  |2 fast  |0 (OCoLC)fst00829285 
650 7 |a Fluid-film bearings  |x Mathematical models.  |2 fast  |0 (OCoLC)fst00928028 
650 7 |a Lubrication and lubricants.  |2 fast  |0 (OCoLC)fst01003341 
655 4 |a Electronic books. 
700 1 |a Fatu, Aurelian,  |e author. 
700 1 |a Souchet, Dominique,  |e author. 
776 0 8 |i Print version:  |a Bonneau, Dominique, 1948-  |t Mixed lubrication in hydrodynamic bearings.  |d London : ISTE ; Hoboken, NJ : John Wiley & Sons, 2014  |z 9781848216822  |z 1848216823 
830 0 |a Numerical methods in engineering series. 
856 4 0 |u https://doi.org/10.1002/9781119004905  |z Full Text via HEAL-Link 
994 |a 92  |b DG1